Представление документа в формате RUSMARC

ПолеНазваниеЗначение
  Тип записи a
  Библиографический уровень m
001 Контрольный номер Book/18475
005 Дата корректировки 20240209174446.8
010 Индекс ISBN __
a ISBN 978-5-486-01937-1
b Уточнения в пер.
d Цена 10 р. 00 к.
9 Тираж 13 000 экз.
090 Данные записи __
a Состояние записи 68.49(2Рос)
b Тип записи Книги
c Язык записи Русский
d Отрасль знаний (КСУ) Другая
e Секретность Несекретно
g Вид записи Монография (однотомник)
x Дата передачи записи для обработки Е72
100 Данные общей обработки __
a Данные общей обработки 20120518d2013 u u 1rusy ||||ca
101 Язык документа 0_
a Язык текста rus
105 Кодированные данные (монография) __
a Кодированные данные (монография) a z 000yy
200 Заглавие и сведения об ответственности 1_
a Заглавие Защити себя сама
b Общее обозначение материала Текст
f Первые сведения об ответственности С. О. Ермакова
210 Выходные данные 1_
a Место издания Москва
c Издательство Мир книги
d Дата издания 2008
215 Физическое описание __
a Объем 95 с.
c Иллюстрации/тип воспроизводства ил.
225 Серия 1_
a Серия Секреты для девчонок
300 Общие примечания __
a Общие примечания Ограничения по возрасту - 16+
606 Тематические рубрики 0_
a Основная рубрика Девочки - Самооборона
610 Ключевые слова 0_
a Ключевые слова литература детская
a Ключевые слова самооборона
a Ключевые слова безопасность личная
686 Индексы других классификаций __
a Классификационный индекс 68.49(2Рос)9
2 Код системы rubbk
700 Автор _1
a Фамилия Ермакова
b Имя (инициалы) Светлана Олеговна
g Полное личное имя С. О.
801 Источник записи _0
a Страна RU
b Организация МБУК ЦБС г. Ульяновска
c Дата составления 20120518
801 Источник записи _1
a Страна RU
b Организация МБУК ЦБС г. Ульяновска
c Дата составления 20120518
899 Данные о местонахождении __
3 Книга № 43841
a Местонахождение ЦГБ
i Авторский знак Е 72
j Расстановочный фильтр 68.49(2Рос)
d Название фонда Инв.книга №1
q Состояние Свободно
x Инвентарный номер 154584
901 Тип документа __
t Тип документа m
910 Корректоры записи __
a Корректор записи Мазина